Random US State Capitals by Phonetic Name - Statistics

General Stats
  • This quiz has been taken 38 times
  • The average score is 9 of 10
Answer Stats
Phonetic Name Capital City % Correct
ˈɔl bə ni Albany
100%
ætˈlæn tə Atlanta
100%
ˈɔ stən Austin
100%
ˈbɔ stən Boston
100%
ˈkɑr sən ˈsɪt i Carson City
100%
kəˈlʌm bi ə Columbia
100%
kəˈlʌm bəs Columbus
100%
ˈkɒn kɔrd Concord
100%
ˈdɛn vər Denver
100%
də ˈmɔɪn Des Moines
100%
ˈfræŋk fərt Frankfort
100%
ˈhɛl ə nə Helena
100%
ˌhɒn əˈlu lu Honolulu
100%
ˌɪn di əˈnæp ə lɪs Indianapolis
100%
ˈdʒæk sən Jackson
100%
ˈlæn sɪŋ Lansing
100%
ˈmæd ə sən Madison
100%
mɒntˈgʌm ə ri Montgomery
100%
mɒntˈpil yər Montpelier
100%
ˈnæʃ vɪl Nashville
100%
ˌoʊ kləˈhoʊ mə ˈsɪt i Oklahoma City
100%
əˈlɪm pi ə Olympia
100%
pɪər Pierre
100%
ˈprɒv ɪ dəns Providence
100%
ˈrɔ li Raleigh
100%
ˈrɪtʃ mənd Richmond
100%
ˌsæk rəˈmɛn toʊ Sacramento
100%
ˈseɪ ləm Salem
100%
sɔlt leɪk ˈsɪt i Salt Lake City
100%
ˈsæn tə ˈfeɪ Santa Fe
100%
ˈsprɪŋˌfild Springfield
100%
ˌtæl əˈhæs i Tallahassee
100%
ˈtrɛn tn Trenton
100%
ˈfi nɪks Phoenix
83%
ˈlɪt rɒk Little Rock
80%
ˈbɔɪ zi Boise
75%
əˈnæp ə lɪs Annapolis
67%
təˈpi kə Topeka
67%
ɔˈgʌs tə Augusta
50%
ˈhɑrt fərd Hartford
50%
ˈdʒɛf ər sən ˈsɪt i Jefferson City
50%
ˈdʒu noʊ Juneau
50%
ˈlɪŋ kən Lincoln
50%
seɪnt pɔl Saint Paul
50%
ˈbæt n ˈruʒ Baton Rouge
0%
ˈbɪz mɑrk Bismarck
0%
ˈtʃɑrlz tən Charleston
0%
ʃaɪˈɛn Cheyenne
0%
ˈdoʊ vər Dover
0%
ˈhær ɪsˌbɜrg Harrisburg
0%
No matching quizzes found
Score Distribution
Percent of People with Each Score
Percentile by Number Answered
Your Score History
You have not taken this quiz